| Tag |
First Indicator |
Second Indicator |
Subfields |
| LEADER |
00000cam a2200000 a 4500 |
| 001 |
in00000269321 |
| 005 |
20151010064300.0 |
| 008 |
820412s1981 cauab b 00000 eng |
| 010 |
|
|
|a 81068549
|
| 020 |
|
|
|a 0913890472 (pbk.) :
|c $7.95
|
| 035 |
|
|
|a (OCoLC)08040161
|
| 035 |
|
|
|9 ABE1482AM
|
| 039 |
0 |
|
|a 2
|b 3
|c 3
|d 3
|e 3
|
| 040 |
|
|
|a DLC
|c DLC
|d UtOrBLW
|
| 049 |
|
|
|a TXAM
|c [1117382]
|
| 050 |
0 |
0 |
|a QH541.5 C65
|b C585
|
| 082 |
0 |
|
|a 333.95/2
|2 19
|
| 245 |
0 |
0 |
|a Coast alert :
|b scientists speak out /
|c Daniel W. Anderson [and others] ; with a foreword by Anne W. Simon ; edited by Thomas C. Jackson and Diana Reische ; [drawings by Casey Alexander].
|
| 264 |
|
1 |
|a San Francisco :
|b Published for the Coast Alliance by Friends of the Earth,
|c [1981]
|
| 264 |
|
4 |
|c ©1981
|
| 300 |
|
|
|a xi, 181 pages :
|b illustrations, maps ;
|c 23 cm.
|
| 336 |
|
|
|a text
|b txt
|2 rdacontent
|
| 337 |
|
|
|a unmediated
|b n
|2 rdamedia
|
| 338 |
|
|
|a volume
|b nc
|2 rdacarrier
|
| 504 |
|
|
|a Bibliography: pages [167]-181.
|
| 505 |
0 |
|
|a The home landscape / John N. Cole -- Rising sea, shifting shores / Orrin H. Pilkey and Mark Evans -- Oil and fish, can they coexist? / Robert W. Howarth -- Oil, science and public policy / Howard L. Sanders and Carol Jones - - Can marine mammals survive man? / Douglas G. Chapman -- The politics of pelicans / Daniel W. Anderson and Franklin Gress -- A new ecology for the coast / Eugene P. Odum.
|
| 650 |
|
0 |
|a Coastal ecology.
|
| 650 |
|
0 |
|a Coastal zone management.
|
| 700 |
1 |
|
|a Anderson, Daniel W.
|
| 700 |
1 |
|
|a Jackson, Thomas C.
|
| 700 |
1 |
|
|a Reische, Diana L.
|
| 710 |
2 |
|
|a Coast Alliance (U.S.)
|
| 999 |
|
|
|a MARS
|
| 999 |
f |
f |
|s 94723d7b-08b4-3fb6-b4a7-6f167c3f0c72
|i 74fccaf0-e68a-369e-bb71-06be84272191
|t 0
|
| 952 |
f |
f |
|p normal
|a Texas A&M University
|b Galveston Campus
|c Jack K. Williams Library
|d Galveston Stacks
|t 0
|e GB451.2 .C6
|h Library of Congress classification
|i unmediated -- volume
|m 33620001046875
|
| 952 |
f |
f |
|p ric
|a Texas A&M University
|b Rellis Campus
|c Joint Library Facility
|d Remote Storage
|t 0
|e QH541.5 C65 C585
|h Library of Congress classification
|i unmediated -- volume
|m A14806487582
|
| 998 |
f |
f |
|a GB451.2 .C6
|t 0
|l Galveston Stacks
|
| 998 |
f |
f |
|a QH541.5 C65 C585
|t 0
|l Remote Storage
|